Relaciones de poder en la sociedad salvadoreña /
Guardado en:
| Autor principal: | |
|---|---|
| Formato: | Texto |
| Materias: | |
| Etiquetas: |
Agregar Etiqueta
Sin Etiquetas, Sea el primero en etiquetar este registro!
|
MARC
| LEADER | 00000 a a2200000 04500 | ||
|---|---|---|---|
| 001 | 5224 | ||
| 003 | |||
| 040 | |||
| 100 | |a Montoya, Aquiles | ||
| 245 | |a Relaciones de poder en la sociedad salvadoreña / |c Aquiles Montoya | ||
| 650 | |a ECONOMIA | ||
| 650 | |a PODER POLITICO | ||
| 650 | |a EL SALVADOR | ||
| 773 | |g volumen 61, número 695; páginas 869- | ||
| 999 | |c 32747 |d 32747 | ||
| 773 | 0 | |0 18723 |9 2697 |a Universidad Centroamericana José Simeón Cañas (UCA) |d San Salvador, El Salvador Universidad Centroamericana José Simeón |o 02166 |t ECA: | |
